| 000 | 00549nam a2200217Ia 4500 | ||
|---|---|---|---|
| 003 | OSt | ||
| 005 | 20220928145538.0 | ||
| 006 | a|||||r|||| 00| 0 | ||
| 007 | ta | ||
| 008 | 220927b |||||||| |||| 00| 0 eng d | ||
| 024 | _a81105 | ||
| 037 | _cTextual | ||
| 040 |
_aSDCL _cSDCL _beng |
||
| 041 |
_2eng _aeng |
||
| 082 | _aNT, N7 | ||
| 100 |
_aBenett Susan _9513334 |
||
| 245 | 0 |
_aTheatre audiences _b A theory of production and reception. |
|
| 260 | _c1997 | ||
| 942 |
_hNT, N7 _cTEXL _2CC |
||
| 999 |
_c833978 _d833978 |
||